000 00314 a2200157 4500
001 160196
020 _a
040 _cMagnum
100 _aGiovanni, Jose Ruy
240 1 0 _aMatematica/2 grau
_lpor
245 1 0 _aMatematica/2 grau
362 0 _a1899
440 1 _aFTD
697 _aPARADIDATICO
942 _cBK
999 _c160196
_d160196